LEADER 00884naa a2200229 u 4500 001 000000093497 003 CaOOAMICUS 005 20070226130134.0 008 010705s1952 fr u000 u fre u 035 $a10896152 040 $aPUL(R)$bita 100 0 $aCassin, René Samuel,$dn. 1887.$0(OLS)http://pul/name/60038 245 13$aLa declaration universelle et la mise en oeuvre des droits de l'homme /$cby R. Cassin. 260 $a[S. l. :$bs. n.],$c1952. 300 $aP. [237-367] 504 $aBibliografia in nota. 650 4$aDiritti umani.$0(OLS)http://pul/subject/3219 773 0 $tRecueil des cours$gv.II (1951) 773 0 $tRecueil des cours 1951$w()59826 960 $aDiritti dell'uomo$93219 996 $6245$aLa declaration universelle et la mise en oeuvre des droits de l'homme$9(OLS)http://pul/title/120360 996 $6260$a[S. l. :$bs. n.]$9(OLS)http://pul/publisher/47882 LEADER 01214nam a2200289 u 4500 001 000000089346 003 CaOOAMICUS 005 20070226124616.0 008 051118s1955 it u000 u ita u 035 $a11069378 040 $aPUL(R)$bita 041 1 $aita$heng 100 1 $aCastiello, Jaime,$cS.I.$0(OLS)http://pul/name/57917 240 10$aHumane psychology of education.$lItaliano.$0(OLS)http://pul/title/115386 245 14$aUna psicologia umana dell'educazione /$cJaime Castiello ; traduzione dall'inglese a cura di R. Titone. 260 $aTorino :$bS.E.I.,$c1955. 300 $axxvii, 193 p. ;$c23 cm 490 1 $aPsicologia e vita ;$v8 504 $aBibliografia in nota. 650 4$aPedagogia$xEducazione.$0(OLS)http://pul/subject/28128 700 1 $aTitone, Renzo.$0(OLS)http://pul/name/9184 830 0$aPsicologia e vita ;$v8.$0(OLS)http://pul/title/11655 850 $aPUL 852 $aPUL$W1$xDP1 Fondo Pastorale$y55$mP11 C 8$j112979$nBK-PRI$b $qFondi$B112979$CPULBib$Z2$F112979 $HPUL71 $81 941 1 $a1 996 $6245$aUna psicologia umana dell'educazione$9(OLS)http://pul/title/115387 996 $6260$aTorino :$bS.E.I.$9(OLS)http://pul/publisher/50772